00962nam a2200253 a 4500001000200000003000900002005001700011007001000028008004000038020002000078020002200098040002200120082003000142100003300172245008700205260005900292300002800351500005700379500008900436500004000525651004200565700004300607710005800650 DO-SdBNP20220202103902.0000039188130607s1997 dr c 000 0 spa d a8489539480(v.4) a 8489539669 (v.5) aBPMSUbspacBPMSU 2R920.7293aM385g 1998b221 aMartínez, Carlos T.d1945-10aGrandes dominicanos /cCarlos T. Martínez ; prólogo Mariano Lebrón Saviñon aSanto Domingo :bBanco Gerencial & Fiduciario, c1997- avs. :bretrs. ;c24 cm. aIncluye datos biográficos del autor en las solapas aDel v.1-v.6 publicados por el Banco Fundiciario; v.7-v.15, v.18 Producciones Catemar aLa biblioteca posee los v. 5,8 y 9  4aRepública DominicanavBiografías 1 4 Lebrón Saviñon, Marianoapról. 2 aBanco Gerencial y Fiduciario (República Dominicana)